[Event "Tournoi Skype 029B"]
[Site "Skype"]
[Date "????.??.??"]
[Round "6.66"]
[White "Latterra, Jeremias"]
[Black "Batista, Andre Luis"]
[Result "1-0"]
[WhiteElo "1114"]
[BlackElo "1000"]
[PlyCount "25"]

1. e4 e5 2. Nf3 Nc6 3. d4 d5 4. exd5 Qxd5 5. c4 Qe4+ 6. Be2 exd4 7. O-O d3 8.
Bxd3 Qd5 9. cxd5 Nb4 10. Re1+ Be7 11. Qa4+ Bd7 12. Qxb4 Nf6 13. Qxe7# 1-0

[Event "Tournoi Skype 029B"]
[Site "Skype"]
[Date "????.??.??"]
[Round "6.67"]
[White "Baker, Abi"]
[Black "Becker Schllosser, Josiane Cristina"]
[Result "1-0"]
[WhiteElo "1079"]
[BlackElo "1000"]
[PlyCount "35"]

1. c4 g6 2. Nc3 Bg7 3. e4 Nf6 4. d3 d6 5. Be3 e5 6. Nge2 Bg4 7. f3 Bh5 8. g4
Nbd7 9. Qd2 c5 10. Bh6 O-O 11. gxh5 Nxh5 12. Ng3 Bxh6 13. Qxh6 Qf6 14. Nd5 Qxf3
15. Ne7+ Kh8 16. Rg1 Qf6 17. Nxh5 Qxe7 18. Qg7# 1-0

[Event "Tournoi Skype 029B"]
[Site "Skype"]
[Date "????.??.??"]
[Round "6.68"]
[White "Cifuentes, Jorge Mario"]
[Black "Maccaferri, Massimo"]
[Result "1-0"]
[WhiteElo "1000"]
[BlackElo "1074"]
[PlyCount "51"]

1. e4 e5 2. Nf3 Nc6 3. c3 g5 4. h3 Nf6 5. d3 g4 6. hxg4 Nxg4 7. Nh4 d6 8. f3
Nf6 9. Nf5 d5 10. Bh6 Bc5 11. Ng7+ Kf8 12. Ne6+ Ke7 13. Nxd8 Kxd8 14. Bg5 Ke7
15. Rh6 dxe4 16. Bxf6+ Kf8 17. Bxh8 exf3 18. Qxf3 Be6 19. Nd2 Ke7 20. Qf6+ Kd6
21. Nc4+ Kd7 22. Rxh7 Be7 23. Nxe5+ Nxe5 24. Qxe5 f6 25. Bxf6 Re8 26. Qd4+ 1-0

[Event "Tournoi Skype 029B"]
[Site "Skype"]
[Date "????.??.??"]
[Round "6.69"]
[White "Hernandez Lopez, Joaquin"]
[Black "Mendoza Oporta, Esmerling Antonio"]
[Result "1-0"]
[WhiteElo "1046"]
[BlackElo "1000"]
[PlyCount "74"]

1. e4 e5 2. Bc4 Nf6 3. Nf3 d6 4. Ng5 Be6 5. Nxe6 fxe6 6. Bxe6 Qe7 7. Bb3 Nxe4
8. O-O Nd7 9. d3 Nec5 10. Bd5 O-O-O 11. Nd2 Nb6 12. Bf3 Qf6 13. Bg4+ Nbd7 14.
Nf3 Kb8 15. Bg5 Qg6 16. Bxd8 Qxg4 17. Nd2 Qd4 18. b3 g6 19. Bg5 h6 20. Be3 Qd5
21. Qg4 Be7 22. f4 Nf6 23. Qf3 Qe6 24. Nc4 b6 25. Bxc5 dxc5 26. Rae1 e4 27.
dxe4 Rd8 28. f5 Qd7 29. fxg6 Qd4+ 30. Qf2 b5 31. e5 bxc4 32. exf6 Bxf6 33. Kh1
Bg7 34. Qf7 Be5 35. Qxc4 Rg8 36. Qxg8+ Kb7 37. Qf8 Qh4 1-0

[Event "Tournoi Skype 029B"]
[Site "Skype"]
[Date "????.??.??"]
[Round "6.70"]
[White "Schnell, Nicolas"]
[Black "Talarico, Izabel"]
[Result "1-0"]
[WhiteElo "1003"]
[BlackElo "1000"]
[PlyCount "63"]

1. e4 c5 2. Nc3 d6 3. Bb5+ Nc6 4. e5 dxe5 5. Bc4 e6 6. Nf3 Nf6 7. Nxe5 Nxe5 8.
Be2 Nh5 9. Bxh5 Qd7 10. Qe2 g6 11. Bg4 Nxg4 12. Qxg4 b5 13. Ne4 Bb7 14. Nf6+
Ke7 15. Nxd7 Kxd7 16. d3 Bd6 17. Bg5 Rhf8 18. Bh4 f5 19. Qg5 f4 20. O-O Rae8
21. Rae1 a5 22. Qg4 h5 23. Qxg6 f3 24. Qh7+ Re7 25. Qg6 fxg2 26. Qxh5 gxf1=Q+
27. Kxf1 Bxh2 28. Qxc5 Rg8 29. Qxe7+ Kc8 30. Qxe6+ Kc7 31. Qxg8 Bg2+ 32. Kxg2
1-0

[Event "Tournoi Skype 029B"]
[Site "Skype"]
[Date "????.??.??"]
[Round "6.72"]
[White "Trapletti, Cosetta"]
[Black "Da Silva, Jussara Maria"]
[Result "1-0"]
[WhiteElo "1000"]
[BlackElo "1000"]
[PlyCount "65"]

1. c4 e5 2. e4 Bc5 3. Nc3 Nf6 4. Nf3 d6 5. Be2 c6 6. O-O O-O 7. h3 Qb6 8. d3
Nh5 9. Be3 Bxe3 10. fxe3 Qxe3+ 11. Kh1 Ng3+ 12. Kh2 Qf4 13. Rf2 Nh5+ 14. Kg1
Qg3 15. Qf1 Bxh3 16. Ne1 f6 17. Rf3 c5 18. Rxg3 Nc6 19. Bxh5 Nd4 20. gxh3 g6
21. Bf3 Ne6 22. Bg4 Ng5 23. Qf2 h5 24. h4 Nh7 25. Be2 Kf7 26. Nf3 Ke6 27. Nd5
Rac8 28. Rxg6 b6 29. Qg2 Kf7 30. Rg7+ Ke6 31. Qh3+ f5 32. Rxh7 Rg8+ 33. Ng5+
1-0

[Event "Tournoi Skype 029B"]
[Site "Skype"]
[Date "????.??.??"]
[Round "6.73"]
[White "Mantelli Filho, Artur"]
[Black "Cassano, Mariangela"]
[Result "1-0"]
[WhiteElo "1000"]
[BlackElo "1000"]
[PlyCount "69"]

1. e4 e5 2. Bc4 Bc5 3. Nf3 Nf6 4. c3 d6 5. d3 O-O 6. O-O b6 7. a4 Bb7 8. b4 a5
9. bxc5 bxc5 10. Nbd2 Nbd7 11. Rb1 d5 12. Bb3 c4 13. dxc4 dxe4 14. Nh4 Nc5 15.
Bc2 Re8 16. Re1 c6 17. Qe2 Ba6 18. Ba3 Ncd7 19. Bb3 c5 20. Nf5 g6 21. Nh6+ Kh8
22. Nxf7+ Kg7 23. Nxd8 Rexd8 24. Qe3 Ng4 25. Qg3 Ngf6 26. Re3 Nf8 27. Nxe4 Rd6
28. Nxd6 Rd8 29. Bxc5 Ne6 30. Rxe5 Ne4 31. Qe3 Nd2 32. Qxd2 Rc8 33. Nxc8 Nxc5
34. Rxc5 Bxc8 35. Rxc8 1-0

[Event "Tournoi Skype 029B"]
[Site "Skype"]
[Date "????.??.??"]
[Round "7.1"]
[White "Escudero Ocana, Francisco"]
[Black "Fernandez Arrizabala, Raul"]
[Result "0-1"]
[WhiteElo "1395"]
[BlackElo "1000"]
[PlyCount "74"]

1. e4 e6 2. c4 c5 3. Nf3 d5 4. cxd5 exd5 5. Bb5+ Nc6 6. Nc3 d4 7. Nd5 Nf6 8.
Qa4 Nxd5 9. Bxc6+ bxc6 10. Qxc6+ Qd7 11. Qxd7+ Kxd7 12. exd5 Ba6 13. Ne5+ Ke7
14. d3 f6 15. Nc4 Bb7 16. O-O Bxd5 17. Re1+ Kf7 18. Bf4 Bxc4 19. dxc4 g5 20.
Bc7 h5 21. h3 a5 22. f4 g4 23. h4 Ra7 24. Bd8 Bd6 25. Bb6 Ra6 26. Bxc5 Bxc5 27.
Re4 Re6 28. Rxe6 Kxe6 29. Re1+ Kf5 30. g3 d3+ 31. Kf1 d2 32. Rd1 Rd8 33. Ke2
Ke4 34. a4 Bb4 35. b3 Rd3 36. c5 Re3+ 37. Kf1 Re1+ 0-1

[Event "Tournoi Skype 029B"]
[Site "Skype"]
[Date "????.??.??"]
[Round "7.2"]
[White "Felippe E Silva, Glenda"]
[Black "Munoz Gonzalez, Martin"]
[Result "1/2-1/2"]
[WhiteElo "1207"]
[BlackElo "1400"]
[PlyCount "66"]

1. d4 e6 2. Bf4 d5 3. e3 Bd6 4. Bxd6 Qxd6 5. c3 Nf6 6. Nf3 O-O 7. Bd3 c5 8.
Nbd2 Nc6 9. O-O cxd4 10. exd4 e5 11. dxe5 Nxe5 12. Nxe5 Qxe5 13. Re1 Qd6 14.
Nf3 Bg4 15. h3 Bxf3 16. Qxf3 Rfe8 17. Bc2 Rad8 18. Rad1 Qc6 19. Bb3 a5 20. a3
Qb5 21. Rxe8+ Rxe8 22. Bxd5 Nxd5 23. Qxd5 Qxb2 24. Qd8 Kf8 25. Qxa5 Qc2 26.
Qb4+ Kg8 27. Qd4 h6 28. Kh2 Qb3 29. a4 Qc2 30. Rd2 Qf5 31. Qd5 Qf4+ 32. g3 Qxa4
33. Qd7 Qxd7 1/2-1/2

[Event "Tournoi Skype 029B"]
[Site "Skype"]
[Date "????.??.??"]
[Round "7.4"]
[White "Amato, Ludovica"]
[Black "Lovisi, Francesco"]
[Result "0-1"]
[WhiteElo "1346"]
[BlackElo "1000"]
[PlyCount "46"]

1. e4 e6 2. d4 d5 3. exd5 exd5 4. Bd3 c5 5. dxc5 Bxc5 6. Nf3 Nf6 7. Nc3 O-O 8.
Bg5 Re8+ 9. Be2 d4 10. Bxf6 Qxf6 11. Nb5 Bb4+ 12. Kf1 Ba5 13. Qxd4 Qh6 14. Rd1
Nc6 15. Qd6 Be6 16. Nc7 Red8 17. Qg3 Rxd1+ 18. Bxd1 Rd8 19. Nd5 Rxd5 20. Ke2
Rd8 21. c3 Bc4+ 22. Ke1 Re8+ 23. Be2 Qc1# 0-1

[Event "Tournoi Skype 029B"]
[Site "Skype"]
[Date "????.??.??"]
[Round "7.5"]
[White "De Coninck, Philippe"]
[Black "Khatanhar, Mohit"]
[Result "1/2-1/2"]
[WhiteElo "1173"]
[BlackElo "1218"]
[PlyCount "43"]

1. d4 d5 2. Bf4 Bf5 3. Nf3 Nf6 4. e3 e6 5. Bd3 Bxd3 6. Qxd3 Bd6 7. Bg3 h6 8.
Nbd2 O-O 9. Ne5 Nbd7 10. f4 Nh5 11. O-O-O Nhf6 12. Qe2 c5 13. c3 Qa5 14. Nxd7
Nxd7 15. Kb1 b5 16. Nb3 Qb6 17. e4 c4 18. Nd2 a5 19. exd5 exd5 20. Qf3 Qb7 21.
f5 Bxg3 22. hxg3 1/2-1/2

[Event "Tournoi Skype 029B"]
[Site "Skype"]
[Date "????.??.??"]
[Round "7.7"]
[White "Funez, Lilian"]
[Black "Martinez Perez, Carlos"]
[Result "0-1"]
[WhiteElo "1088"]
[BlackElo "1404"]
[PlyCount "120"]

1. e4 e5 2. Nf3 Nf6 3. d3 Nc6 4. Nc3 d6 5. Bg5 Be6 6. d4 Bg4 7. h3 Bh5 8. Nd5
Nxd5 9. Bxd8 Bxf3 10. Qxf3 Nxd4 11. Qd1 Rxd8 12. exd5 c6 13. dxc6 bxc6 14. Bc4
d5 15. Bd3 e4 16. Ba6 Bc5 17. c3 Nf5 18. Bb7 Rd6 19. Qa4 Kd7 20. O-O-O Bb6 21.
Bxc6+ Rxc6 22. Rxd5+ Nd6 23. Qxe4 g6 24. Qg4+ f5 25. Qd1 Kc7 26. Re5 Rd8 27.
Re7+ Kc8 28. Rxh7 Ne4 29. Qf3 Rcd6 30. Rd1 Rxd1+ 31. Qxd1 Rxd1+ 32. Kxd1 Nxf2+
33. Ke2 Ne4 34. h4 Bc7 35. a4 Kb7 36. Rh6 g5 37. hxg5 Nxg5 38. Rf6 Ne4 39. Rxf5
Ng3+ 40. Ke3 Nxf5+ 41. Kd3 Nh6 42. b4 Kb6 43. Kc4 Be5 44. a5+ Kb7 45. b5 Bc7
46. a6+ Kb6 47. Kb4 Bd6+ 48. Ka4 Kc5 49. Ka5 Bc7+ 50. Ka4 Kc4 51. g3 Kxc3 52.
Ka3 Kc4 53. Ka4 Kc5 54. Ka3 Kxb5 55. Kb3 Kxa6 56. Kb4 Kb6 57. Ka4 Bxg3 58. Kb4
Bd6+ 59. Ka4 a5 60. Kb3 Kb5 0-1

[Event "Tournoi Skype 029B"]
[Site "Skype"]
[Date "????.??.??"]
[Round "7.8"]
[White "Quiel, Aristoteles"]
[Black "Harmelle, Dominique"]
[Result "0-1"]
[WhiteElo "1066"]
[BlackElo "1402"]
[PlyCount "70"]

1. Nf3 Nf6 2. c4 c5 3. Nc3 Nc6 4. d3 e6 5. Bg5 Be7 6. Bf4 a6 7. a3 d5 8. e3 O-O
9. cxd5 exd5 10. d4 cxd4 11. exd4 b5 12. Ne5 Bb7 13. b4 Rc8 14. Rc1 Qb6 15. Nd7
Nxd7 16. Nxd5 Qd8 17. Be2 Re8 18. O-O Bg5 19. Bxg5 Qxg5 20. Bf3 Kh8 21. Ne3 Nf6
22. Qb3 Nxd4 23. Qxf7 Nxf3+ 24. Kh1 Rb8 25. Rc7 Rf8 26. Qe7 Rfe8 27. Qf7 Ne5
28. Qe6 Rxe6 29. Rd1 Ree8 30. Kg1 Nc4 31. h4 Qg6 32. h5 Qxh5 33. Nxc4 Qxd1+ 34.
Kh2 Qh5+ 35. Kg1 Re1# 0-1

[Event "Tournoi Skype 029B"]
[Site "Skype"]
[Date "????.??.??"]
[Round "7.9"]
[White "Lago Carballo, Maria Del Carmen"]
[Black "Castellanos Gonzalez, Mariano"]
[Result "1/2-1/2"]
[WhiteElo "1328"]
[BlackElo "1000"]
[PlyCount "55"]

1. e4 e5 2. Nf3 Nc6 3. Bc4 Nf6 4. d3 h6 5. Nc3 Bc5 6. Bb3 a6 7. O-O d6 8. h3
O-O 9. Re1 Na5 10. Be3 Bxe3 11. Rxe3 Re8 12. Nd5 Nd7 13. c4 Rb8 14. Bc2 c5 15.
a4 Nf8 16. Nh2 Ng6 17. Rg3 Nc6 18. Qh5 Nd4 19. Bd1 Be6 20. Nf3 Nxf3+ 21. Bxf3
Bxd5 22. exd5 Qh4 23. Qxh4 Nxh4 24. Re1 Nxf3+ 25. Rxf3 Rf8 26. g4 Kh7 27. Re4
f6 28. Kg2 1/2-1/2

[Event "Tournoi Skype 029B"]
[Site "Skype"]
[Date "????.??.??"]
[Round "7.10"]
[White "Ponz Lazaro, Ruperto"]
[Black "Yepez, German"]
[Result "0-1"]
[WhiteElo "1285"]
[BlackElo "1191"]
[PlyCount "96"]

1. d4 d5 2. Nf3 Nf6 3. Bf4 e6 4. e3 Bd6 5. Bg3 c6 6. Bd3 Qc7 7. Nbd2 Nbd7 8. c3
O-O 9. Qe2 Re8 10. e4 e5 11. dxe5 Nxe5 12. Nxe5 Bxe5 13. O-O-O d4 14. cxd4 Bxg3
15. hxg3 c5 16. e5 cxd4+ 17. Kb1 Rxe5 18. Qf1 h6 19. Nf3 Rc5 20. Nxd4 a6 21.
Nb3 Re5 22. Rc1 Qd6 23. Qd1 Rd5 24. Rc3 Bf5 25. Nc5 Bxd3+ 26. Nxd3 Rd8 27. Qc2
Rxd3 28. Rc8 Rd2 29. Rxd8+ Qxd8 30. Qb3 Qd7 31. Kc1 Rd3 32. Qc2 Ne4 33. Re1 f5
34. g4 g6 35. gxf5 gxf5 36. g4 Nd2 37. Rd1 fxg4 38. Rxd2 Rxd2 39. Qxd2 Qxd2+
40. Kxd2 h5 41. Ke2 Kf7 42. f4 gxf3+ 43. Kxf3 Kf6 44. Kf4 h4 45. Kg4 Ke5 46.
Kxh4 Ke4 47. Kg5 Kd3 48. Kf5 Kc2 0-1

[Event "Tournoi Skype 029B"]
[Site "Skype"]
[Date "????.??.??"]
[Round "7.11"]
[White "Dos Reis Cabrera, Jose Manuel"]
[Black "Battaglia, Gabriele"]
[Result "0-1"]
[WhiteElo "1202"]
[BlackElo "1271"]
[PlyCount "53"]

1. d4 Nf6 2. Bf4 g6 3. e3 Bg7 4. Be2 O-O 5. Nf3 d6 6. O-O Nbd7 7. Nbd2 c5 8. c3
b6 9. e4 Bb7 10. e5 Nd5 11. Bg3 dxe5 12. dxe5 Nxe5 13. Nxe5 e6 14. Bf3 Qe7 15.
c4 Nf6 16. Bxb7 Qxb7 17. Re1 Rad8 18. Qc2 Nh5 19. Bh4 Rd4 20. Ndf3 Rf4 21. Bg3
Nxg3 22. hxg3 Rf5 23. Rad1 f6 24. Nd7 Rd8 25. Nxf6+ Bxf6 26. Rxd8+ Bxd8 27.
Rxe6 0-1

[Event "Tournoi Skype 029B"]
[Site "Skype"]
[Date "????.??.??"]
[Round "7.12"]
[White "Sanchez Padilla, Armando Edilber"]
[Black "Guillaume, Mickael"]
[Result "1-0"]
[WhiteElo "1240"]
[BlackElo "1106"]
[PlyCount "51"]

1. e4 e5 2. Nf3 Nc6 3. Bb5 Bc5 4. c3 Nf6 5. d3 O-O 6. O-O d6 7. Re1 Ng4 8. d4
exd4 9. cxd4 Bb6 10. h3 Nxd4 11. Nxd4 Bxd4 12. Qxd4 c6 13. Bd3 Ne5 14. Nd2 Qf6
15. Qc3 Be6 16. Re3 Rac8 17. Be2 d5 18. exd5 Bxd5 19. Rxe5 Qg6 20. Nf3 f6 21.
Nh4 Qf7 22. Rf5 Rfe8 23. Be3 Re6 24. Rf4 g5 25. Nf5 Qh5 26. Bxh5 1-0

[Event "Tournoi Skype 029B"]
[Site "Skype"]
[Date "????.??.??"]
[Round "7.13"]
[White "Sosa, Juan Carlos"]
[Black "Lopes, Marcia Maria"]
[Result "0-1"]
[WhiteElo "1121"]
[BlackElo "1363"]
[PlyCount "136"]

1. d4 Nf6 2. Nc3 d5 3. Bf4 e6 4. a3 Bd6 5. Bxd6 cxd6 6. e3 O-O 7. Bd3 a6 8. Nf3
b5 9. O-O Nbd7 10. e4 Bb7 11. exd5 Nxd5 12. Nxd5 Bxd5 13. b3 Nf6 14. c4 Bc6 15.
cxb5 axb5 16. a4 Qd7 17. a5 b4 18. Qd2 Rfb8 19. a6 Bxf3 20. gxf3 d5 21. Rfc1
Ra7 22. Rc5 Qd6 23. Qc2 g6 24. Rc8+ Kg7 25. Rxb8 Qxb8 26. Rf1 Ne8 27. Rc1 Nc7
28. Qa2 Qb6 29. Rc5 Nxa6 30. Rb5 Qxd4 31. Be2 Nc7 32. Rxb4 Rxa2 33. Rxd4 Rxe2
34. Kf1 Rb2 35. b4 Nb5 36. Rg4 d4 37. Ke1 Rxb4 38. Kd2 Rb2+ 39. Ke1 e5 40. f4
d3 41. fxe5 Rb1+ 42. Kd2 Rb3 43. f4 Nd4 44. Rg3 Nf5 45. Rxd3 Rxd3+ 46. Kxd3 h6
47. Ke4 Ne7 48. h4 h5 49. Kf3 f6 50. Ke4 fxe5 51. fxe5 Nf5 52. e6 Nxh4 53. Ke5
Nf5 54. Kf4 Kf6 55. e7 Nxe7 56. Kg3 Nf5+ 57. Kf4 g5+ 58. Kf3 Ke5 59. Kg2 Kf4
60. Kh3 g4+ 61. Kg2 h4 62. Kh2 h3 63. Kh1 g3 64. Kg1 Kf3 65. Kh1 Ne3 66. Kg1
Ng4 67. Kh1 g2+ 68. Kg1 h2# 0-1

[Event "Tournoi Skype 029B"]
[Site "Skype"]
[Date "????.??.??"]
[Round "7.14"]
[White "Gomez Caballero, Blas"]
[Black "Cengiz, Ali Ekber"]
[Result "0-1"]
[WhiteElo "1081"]
[BlackElo "1299"]
[PlyCount "72"]

1. e4 e5 2. a3 Nf6 3. Nc3 a6 4. Nf3 Bc5 5. d4 exd4 6. Nxd4 O-O 7. e5 Ne8 8. Bf4
d6 9. Bg5 f6 10. Bc4+ Kh8 11. exf6 Nxf6 12. Qf3 Bxd4 13. O-O Qe8 14. Rae1 Qg6
15. Be3 Nc6 16. Bb3 Bg4 17. Qf4 Bxc3 18. bxc3 Ne5 19. Qg5 Qe4 20. f3 Bxf3 21.
Bf4 Qc6 22. Bxe5 dxe5 23. Rxf3 Ne4 24. Rxf8+ Rxf8 25. Qxe5 Qb6+ 26. Qd4 Qxd4+
27. cxd4 Nd2 28. Bd5 c6 29. Ba2 h6 30. Rd1 Ne4 31. d5 cxd5 32. Bxd5 Rd8 33. Kf1
Nc3 34. Rd3 Nxd5 35. c4 Rf8+ 36. Ke2 Nf4+ 0-1

[Event "Tournoi Skype 029B"]
[Site "Skype"]
[Date "????.??.??"]
[Round "7.15"]
[White "Vervoort, Jean-Louis"]
[Black "Conde, Abigail"]
[Result "0-1"]
[WhiteElo "1273"]
[BlackElo "1112"]
[PlyCount "68"]

1. d4 d5 2. Bf4 Nc6 3. c3 Nf6 4. e3 e6 5. Nf3 Ne4 6. Qc2 Bd6 7. Bg3 f6 8. Nbd2
Nxg3 9. hxg3 e5 10. dxe5 fxe5 11. e4 Be6 12. Bd3 Qf6 13. O-O-O d4 14. Kb1 O-O-O
15. cxd4 Nb4 16. Qa4 Nxd3 17. Qxa7 Nxf2 18. Qa8+ Kd7 19. Qa4+ Ke7 20. dxe5 Bxe5
21. Nxe5 Qxe5 22. Qb4+ Kf7 23. Nf3 Qf6 24. e5 Qf5+ 25. Kc1 Nxh1 26. Nd4 Qg5+
27. Kb1 Nf2 28. Rf1 Qe3 29. Nxe6 Kxe6 30. Qc4+ Rd5 31. Qh4 Qd4 32. Kc1 Qd2+ 33.
Kb1 Qd3+ 34. Kc1 Rc5+ 0-1

[Event "Tournoi Skype 029B"]
[Site "Skype"]
[Date "????.??.??"]
[Round "7.16"]
[White "Gerbaux, Regis"]
[Black "Fernandez Zaldivar, Antonio"]
[Result "0-1"]
[WhiteElo "1062"]
[BlackElo "1246"]
[PlyCount "22"]

1. e4 c6 2. d4 d5 3. e5 Bf5 4. Nc3 e6 5. f4 Nd7 6. Bd3 Bxd3 7. Qxd3 a6 8. Qg3
Ne7 9. Qg4 Nf5 10. Be3 Nxe3 11. Qf3 Nxc2+ 0-1

[Event "Tournoi Skype 029B"]
[Site "Skype"]
[Date "????.??.??"]
[Round "7.18"]
[White "Barrera Mendoza, Carlos"]
[Black "Alarcon Alarcon, Marina"]
[Result "1/2-1/2"]
[WhiteElo "1000"]
[BlackElo "1198"]
[PlyCount "80"]

1. e4 e5 2. Nf3 Nc6 3. Nc3 Nf6 4. Bb5 Be7 5. O-O d6 6. Re1 Bd7 7. d4 Nxd4 8.
Bxd7+ Qxd7 9. Nxd4 exd4 10. Qxd4 O-O 11. h3 c5 12. Qe3 Rfe8 13. Qg3 Nh5 14. Qf3
Nf6 15. Qg3 Nh5 16. Qf3 Nf6 17. Nd5 Nxd5 18. exd5 Bf8 19. Bd2 Rxe1+ 20. Rxe1
Re8 21. Rxe8 Qxe8 22. b3 Qe5 23. Bc3 Qe8 24. Qe3 Qe7 25. Qxe7 Bxe7 26. Kf1 f5
27. Ke2 Kf7 28. f4 Bf6 29. Bxf6 Kxf6 30. g3 g5 31. fxg5+ Kxg5 32. Kf3 h5 33.
h4+ Kf6 34. Kf4 b5 35. a3 Kg6 36. Ke3 Kf6 37. Kf4 Kg6 38. c3 Kf6 39. c4 a6 40.
a4 b4 1/2-1/2

[Event "Tournoi Skype 029B"]
[Site "Skype"]
[Date "????.??.??"]
[Round "7.19"]
[White "Conde, Carmen"]
[Black "Jimenez Del Rosario, Alsis Raynely"]
[Result "1-0"]
[WhiteElo "1188"]
[BlackElo "1082"]
[PlyCount "83"]

1. e4 e6 2. Nf3 d5 3. e5 c5 4. b3 c4 5. Bb2 Nc6 6. c3 Bc5 7. bxc4 dxc4 8. Bxc4
Qb6 9. Bc1 Bxf2+ 10. Kf1 Nce7 11. d4 Bxd4 12. cxd4 a6 13. Be3 Qb2 14. Nbd2 b5
15. Bb3 Nc6 16. Ne4 Nge7 17. Nd6+ Kf8 18. Ng5 Nd8 19. Rb1 Qc3 20. Qf3 Qd3+ 21.
Kf2 Nf5 22. Nxf5 Qxf5 23. Qxf5 exf5 24. d5 h6 25. Bc5+ Ke8 26. Nf3 Nb7 27. Bb6
Bd7 28. e6 fxe6 29. Rhe1 g5 30. Ne5 Rg8 31. Nxd7 Kxd7 32. dxe6+ Ke7 33. Rbc1 f4
34. Rc7+ Kf6 35. Bd4+ Kf5 36. Bc2+ Kg4 37. Rxb7 Raf8 38. Rh7 Kh5 39. e7 Rc8 40.
Bf5 Rc4 41. Bg7 Ra4 42. Rxh6# 1-0

[Event "Tournoi Skype 029B"]
[Site "Skype"]
[Date "????.??.??"]
[Round "7.20"]
[White "Pantaleon, Julio"]
[Black "Llabres, Sergio"]
[Result "1-0"]
[WhiteElo "1000"]
[BlackElo "1187"]
[PlyCount "95"]

1. Nf3 d5 2. b3 Bf5 3. Bb2 e6 4. d3 c6 5. Nbd2 Nf6 6. e3 Nbd7 7. h3 h6 8. Be2
Be7 9. O-O O-O 10. Re1 Re8 11. Nd4 Bg6 12. N4f3 Rc8 13. Rc1 b5 14. c4 bxc4 15.
dxc4 Nb6 16. cxd5 cxd5 17. Ne5 Qd6 18. Nxg6 fxg6 19. Nf3 Nfd7 20. Qd3 e5 21. e4
d4 22. Rc2 Bf6 23. Rec1 Rxc2 24. Rxc2 Nc5 25. Qb5 Nbd7 26. Ba3 Rb8 27. Qc4+ Qe6
28. Bxc5 Qxc4 29. Bxc4+ Kh7 30. Bd6 Rb6 31. Ba3 Bd8 32. Bd5 Nf6 33. Rc6 Rxc6
34. Bxc6 Bc7 35. Bc5 a5 36. a3 g5 37. g4 Kg6 38. b4 axb4 39. axb4 h5 40. gxh5+
Kxh5 41. Kg2 g4 42. hxg4+ Kxg4 43. Nh2+ Kf4 44. f3 g5 45. Bf8 d3 46. Nf1 Nh7
47. Bc5 Nf6 48. Be3# 1-0

[Event "Tournoi Skype 029B"]
[Site "Skype"]
[Date "????.??.??"]
[Round "7.21"]
[White "Abate, Luigi"]
[Black "Schuh, David"]
[Result "1-0"]
[WhiteElo "1169"]
[BlackElo "1072"]
[PlyCount "63"]

1. e4 c5 2. c4 e5 3. Nf3 Nc6 4. d3 Nf6 5. Be3 d6 6. Be2 Be7 7. h3 h6 8. Nbd2 a6
9. a3 b5 10. b3 Bb7 11. O-O O-O 12. b4 bxc4 13. Nxc4 a5 14. Rb1 axb4 15. axb4
cxb4 16. Bb6 Qd7 17. Ra1 Rxa1 18. Qxa1 d5 19. Ncxe5 Nxe5 20. Nxe5 Qd6 21. Bd4
dxe4 22. Nc4 Qd5 23. Rc1 Re8 24. Ne3 Qe6 25. Qa7 Ba8 26. Bxf6 Bxf6 27. Qa4 exd3
28. Bxd3 b3 29. Nc4 b2 30. Nxb2 Bxb2 31. Rb1 Qd5 32. Qxe8# 1-0

[Event "Tournoi Skype 029B"]
[Site "Skype"]
[Date "????.??.??"]
[Round "7.22"]
[White "Nicolini, Francesco"]
[Black "Busto, Ricardo"]
[Result "1-0"]
[WhiteElo "1000"]
[BlackElo "1152"]
[PlyCount "61"]

1. e4 c5 2. Bc4 e6 3. Nf3 a6 4. d4 b5 5. Be2 cxd4 6. Nxd4 Bb7 7. Bf3 Bc5 8. c3
Qc7 9. Nd2 Nc6 10. N2b3 Be7 11. O-O Nf6 12. Ne2 Ne5 13. Bf4 d6 14. Bxe5 dxe5
15. Ng3 O-O 16. Qe2 Rac8 17. Nd2 Rfd8 18. Rad1 Nd7 19. Bh5 g6 20. Bg4 Nf6 21.
Bh3 Qa5 22. a3 Qb6 23. Kh1 Qa7 24. f4 exf4 25. Rxf4 Bd6 26. Rxf6 Be5 27. Rf2
Qa8 28. Rdf1 f5 29. exf5 Bxg3 30. hxg3 Qb8 31. Qxe6+ 1-0

[Event "Tournoi Skype 029B"]
[Site "Skype"]
[Date "????.??.??"]
[Round "7.23"]
[White "Rivalta, Paolo"]
[Black "Bland, Marilyn"]
[Result "1-0"]
[WhiteElo "1142"]
[BlackElo "1065"]
[PlyCount "115"]

1. e4 e5 2. Nf3 Nc6 3. Bc4 h6 4. Nc3 Nf6 5. Nd5 Nd4 6. c3 Nxf3+ 7. Qxf3 Be7 8.
d4 O-O 9. Qg3 c6 10. Bxh6 Nh5 11. Nxe7+ Qxe7 12. Qg6 Qf6 13. Qxf6 Nxf6 14. dxe5
Nxe4 15. Be3 b5 16. Bd3 Nxf2 17. Bxf2 a5 18. O-O-O f6 19. h4 fxe5 20. Bg6 Rxf2
21. g4 d5 22. Rhg1 Rf4 23. Rde1 e4 24. Be8 Bxg4 25. Bxc6 Rd8 26. Bxb5 Bf3 27.
Be2 Bxe2 28. Rxe2 Rxh4 29. Rd1 g5 30. Red2 e3 31. Rxd5 Rxd5 32. Rxd5 Rh1+ 33.
Rd1 Rxd1+ 34. Kxd1 g4 35. Ke2 g3 36. Kxe3 g2 37. Kf2 Kf7 38. Kxg2 Ke6 39. Kf3
Kd5 40. Ke3 a4 41. Kd3 Kc5 42. b3 a3 43. b4+ Kb5 44. Kd4 Ka4 45. c4 Kxb4 46. c5
Kb5 47. Kd5 Kb4 48. c6 Kc3 49. c7 Kb2 50. c8=Q Kxa2 51. Qc2+ Ka1 52. Qc1+ Ka2
53. Kd4 Kb3 54. Qc3+ Ka2 55. Kd3 Kb1 56. Qb3+ Ka1 57. Kc2 a2 58. Qb2# 1-0

[Event "Tournoi Skype 029B"]
[Site "Skype"]
[Date "????.??.??"]
[Round "7.24"]
[White "Prieto, Jairo Ovidio"]
[Black "San Isidoro, Josep"]
[Result "1-0"]
[WhiteElo "1000"]
[BlackElo "1405"]
[PlyCount "51"]

1. d4 Nf6 2. Nc3 e6 3. Bg5 d5 4. Bxf6 Qxf6 5. e3 Bb4 6. Be2 c5 7. Qd2 cxd4 8.
exd4 Nc6 9. Bb5 Bd7 10. a3 Bxc3 11. bxc3 O-O 12. Nf3 Qe7 13. O-O Rac8 14. c4
dxc4 15. Bxc4 b6 16. Rfe1 Na5 17. Bd3 Qd8 18. Qf4 Ba4 19. Re2 Qc7 20. Qe4 g6
21. Ra2 Bc6 22. Qe3 Rfd8 23. Nd2 Qd6 24. c3 Qd5 25. Ne4 f5 26. Nf6+ 1-0

[Event "Tournoi Skype 029B"]
[Site "Skype"]
[Date "????.??.??"]
[Round "7.25"]
[White "Jones, Malcolm"]
[Black "Parrales, Rodolfo"]
[Result "1/2-1/2"]
[WhiteElo "1315"]
[BlackElo "1171"]
[PlyCount "44"]

1. Nf3 Nf6 2. g3 d5 3. Bg2 Nc6 4. d4 e6 5. Bf4 Bd6 6. e3 O-O 7. h4 Bxf4 8. gxf4
Ne7 9. Ng5 h5 10. c3 c5 11. Bf3 g6 12. Rg1 e5 13. fxe5 Nf5 14. exf6 Qxf6 15.
Bxh5 Nxh4 16. Nd2 Bh3 17. Nxh3 Rae8 18. Ng5 Qf4 19. Qe2 Qh2 20. O-O-O cxd4 21.
cxd4 Qc7+ 22. Kb1 Rc8 1/2-1/2

[Event "Tournoi Skype 029B"]
[Site "Skype"]
[Date "????.??.??"]
[Round "7.26"]
[White "Bucherie, Volcy"]
[Black "Franca, Adilson Mendes"]
[Result "1-0"]
[WhiteElo "1274"]
[BlackElo "1131"]
[PlyCount "57"]

1. d4 d5 2. c4 c6 3. Nc3 Bf5 4. e3 e6 5. Bd3 Bxd3 6. Qxd3 Nf6 7. Nf3 Bd6 8. O-O
O-O 9. a4 Qc7 10. Bd2 Ng4 11. Ne5 Bxe5 12. dxe5 Qxe5 13. f4 Qh5 14. h3 Nh6 15.
cxd5 cxd5 16. e4 dxe4 17. Qxe4 Nc6 18. b4 Nf5 19. Ne2 Ncd4 20. Nxd4 Ng3 21.
Qxb7 Nxf1 22. Rxf1 e5 23. Nc6 Qe2 24. Ne7+ Kh8 25. Bc1 exf4 26. Bxf4 Rfe8 27.
Nf5 Qd3 28. Qxf7 Rf8 29. Qxg7# 1-0

[Event "Tournoi Skype 029B"]
[Site "Skype"]
[Date "????.??.??"]
[Round "7.27"]
[White "Vaquero, Roberto"]
[Black "Moumtaz, Abderrahim"]
[Result "1-0"]
[WhiteElo "1123"]
[BlackElo "1260"]
[PlyCount "77"]

1. d4 Nf6 2. Bf4 d5 3. e3 c6 4. Nd2 Bf5 5. Ngf3 e6 6. c4 Bd6 7. Bxd6 Qxd6 8. c5
Qc7 9. Be2 Nbd7 10. b4 e5 11. O-O O-O 12. h3 e4 13. Nh4 Be6 14. f4 exf3 15.
Nhxf3 Ne4 16. Qc2 Ndf6 17. Nxe4 Nxe4 18. Bd3 Bf5 19. Nh4 Bxh3 20. Bxe4 dxe4 21.
gxh3 Qg3+ 22. Ng2 Rae8 23. Rf4 f5 24. Raf1 Qxh3 25. Rh4 Qg3 26. Qf2 Qg6 27. Rf4
Qg5 28. Rxf5 Rxf5 29. Qxf5 Qe7 30. a4 g6 31. Qf6 Qxf6 32. Rxf6 Kg7 33. Rd6 Re7
34. b5 Rc7 35. Kh2 Kf7 36. Kg3 cxb5 37. axb5 Ke7 38. Nf4 b6 39. Nd5+ 1-0